|
|
|
|
| LEADER |
00000nam2a2200000 4500 |
| 001 |
127915 |
| 005 |
20231101220102.0 |
| 010 |
|
|
|a 9785811407552
|
| 035 |
|
|
|a (RuTPU)RU\TPU\book\138367
|
| 035 |
|
|
|a RU\TPU\book\41439
|
| 090 |
|
|
|a 127915
|
| 100 |
|
|
|a 20071221d2007 m y0rusy50 ca
|
| 101 |
0 |
|
|a rus
|
| 102 |
|
|
|a RU
|
| 105 |
|
|
|a a j 001zy
|
| 200 |
0 |
|
|a Т. 3 : Оптика. Физика атомов и молекул. Физика атомного ядра и микрочастиц
|
| 210 |
|
|
|d 2007
|
| 215 |
|
|
|a 499 с.
|c ил.
|
| 320 |
|
|
|a Предм. указ.: с. 491-495.
|
| 330 |
|
|
|a Материал известного трехтомного «Курса общей физики» построен с учетом особенностей преподавания физики в вузах и университетах, осуществляющих подготовку по естественнонаучным, техническим и педагогическим направлениям. Выводы и доказательства приведены на примерах с простейшей геометрией, для симметричных контуров и полей. В ряде случаев обобщения приведенных доказательств базируются на чисто физических соображениях, более важных для усвоения, чем громоздкие математические выводы. Третий том посвящен вопросам оптики, физики атома, атомного ядра и элементарных частиц. Учебное пособие предназначено для студентов высших учебных заведений, обучающихся по техническим, естественнонаучным и педагогическим специальностям.
|
| 451 |
|
1 |
|0 (RuTPU)RU\TPU\book\41439
|t Т. 3 : Оптика. Физика атомов и молекул. Физика атомного ядра и микрочастиц
|d 1972
|p 495 с.
|
| 461 |
|
1 |
|0 (RuTPU)RU\TPU\book\138874
|y 978-5-8114-0752-1
|t Курс общей физики
|o учебное пособие
|o в 3 т.
|f Г. А. Зисман, О. М. Тодес
|v Т. 3 : Оптика. Физика атомов и молекул. Физика атомного ядра и микрочастиц
|e 7-е изд., стер.
|d 2007
|s Учебники для вузов. Специальная литература
|
| 606 |
1 |
|
|a Физика
|2 stltpush
|3 (RuTPU)RU\TPU\subj\63709
|9 80688
|
| 606 |
1 |
|
|a Атомная физика
|2 stltpush
|3 (RuTPU)RU\TPU\subj\29674
|9 52952
|
| 606 |
1 |
|
|a Оптика
|2 stltpush
|3 (RuTPU)RU\TPU\subj\67665
|9 83386
|
| 610 |
1 |
|
|a атомы
|
| 610 |
1 |
|
|a молекулы
|
| 610 |
1 |
|
|a атомное ядро
|
| 610 |
1 |
|
|a микрочастицы
|
| 610 |
1 |
|
|a излучение
|
| 610 |
1 |
|
|a свет
|
| 610 |
1 |
|
|a интерференция
|
| 610 |
1 |
|
|a дифракция
|
| 610 |
1 |
|
|a поляризация
|
| 610 |
1 |
|
|a теория относительности
|
| 610 |
1 |
|
|a квантовая механика
|
| 610 |
1 |
|
|a кристаллические тела
|
| 610 |
1 |
|
|a радиоактивность
|
| 610 |
1 |
|
|a учебные пособия
|
| 675 |
|
|
|a 53(075.8)
|v 3
|
| 675 |
|
|
|a 535(075.8)
|v 3
|
| 675 |
|
|
|a 539.18(075.8)
|v 3
|
| 801 |
|
1 |
|a RU
|b 63413507
|c 20020514
|g PSBO
|
| 801 |
|
2 |
|a RU
|b 63413507
|c 20230207
|g PSBO
|
| 900 |
|
|
|a Физика
|
| 900 |
|
|
|a Общая физика
|
| 900 |
|
|
|a Основы оптики
|
| 900 |
|
|
|a Физика атома, атомного ядра и частиц
|
| 900 |
|
|
|a Физика атомов, ионов, молекул и химической связи. Плазмохимия
|
| 900 |
|
|
|a Атомная физика
|
| 900 |
|
|
|a Физика атомного ядра и частиц
|
| 942 |
|
|
|c BK
|
| 951 |
|
|
|a 510000
|a 540500
|a 550000
|
| 959 |
|
|
|a 122/20091214
|d 15
|e 497,86
|f Ф_ТПУ_Новокузнецк:15
|